| 000 | 00856na a2200277 4500 | ||
|---|---|---|---|
| 001 | 14625 | ||
| 003 | MIRAKIL | ||
| 005 | 20181213154913.0 | ||
| 008 | 161108b tu 000 0 | ||
| 035 | _a14625 | ||
| 040 |
_aMilas _btur _cTR-AnCHP |
||
| 041 | _aeng | ||
| 082 |
_a940.54 _bB66l 1989 |
||
| 090 | _a940.54 B66l 1989 | ||
| 100 | _aBorisov, Alexander | ||
| 245 |
_aLessons of the second front _bCould Europe have shared the fate of Hiroshima and Nagasaki _cAlexander Borisov |
||
| 246 | _aCould Europe have shared the fate of Hiroshima and Nagasaki | ||
| 260 |
_aMoskova _bNovosti Press Agency Publishing House _c1989 |
||
| 300 |
_a95 s. _bfotğ. _c18 sm. |
||
| 650 | _aAtom bombası | ||
| 650 | _aSiyasal tarih | ||
| 650 | _aNagasaki | ||
| 650 | _aHiroshima | ||
| 650 |
_aII. Dünya Savaşı (1939-1945) _xDenemeler |
||
| 942 |
_2ddc _cBKS |
||
| 999 |
_c2904 _d2904 |
||